| 000 | 00535nam a2200181Ia 4500 | ||
|---|---|---|---|
| 008 | 100917s9999 xx 000 0 und d | ||
| 082 | _b3969 | ||
| 100 | _aआपटे ह. ना. | ||
| 245 | _aकेवळ स्वराज्यासाठी | ||
| 260 | _b--- | ||
| 300 | _a358 | ||
| 365 | _b0 | ||
| 520 | _aकादंबरी | ||
| 630 | _aकेवळ स्वराज्यासाठी | ||
| 650 | _aकादंबरी | ||
| 730 | _aकेवळ स्वराज्यासाठी | ||
| 942 | _cBOOK | ||
| 999 |
_c609363 _d609360 |
||